000 00636nam a2200193Ia 4500
003 GCL
005 20240530102112.0
008 140319s9999 xx 000 0 ara d
040 _aGCL /
_cGCL
082 0 4 _a548
_bز ع
100 1 _aامنية محمد عبدالرحيم
245 1 0 _aعلم البلورات /
_cامنية محمد عبدالرحيم
260 _a[S.N] :
_bلجنة الاعلام والدراسات المستقبلية
650 0 4 _aالبللور
650 0 4 _aالبلورات الفيزيائية
650 0 4 _aالبلورات الرياضى
700 1 _aزكى محمد زغلول
942 _2ddc
_cBK
999 _c29832
_d29832